All Over The UK - Statistics

General Stats
  • This quiz has been taken 33 times
    18 since last reset
  • The average score is 11 of 15
Answer Stats
Hint Answer % Correct
What is the capital of Wales? Cardiff
100%
What is the capital of Scotland? Edinburgh
100%
What is the capital of England & The UK? London
100%
What is the capital of Northern Ireland? Belfast
92%
Which Scotland's deepest Lake? Loch Ness
92%
Which seaside town has a tower based on the Eiffel Tower? Blackpool
75%
Which is the only English county to have a border with one other? Cornwall
75%
Which Northern Irish tourist attraction consists of tall columns of Basalt? Giants Causeway
75%
Which city has suburbs called Altrincham & Moss Side? Manchester
67%
City where the bands Pulp and The Human League originate from Sheffield
67%
The Menai Strait separates which island from the rest pf the UK? Anglesey
58%
Famous waterways mainly in Norfolk Broads
58%
WH Smith is a UK chain of what type of shop? Stationer
58%
Boots the chemist was founded in the UK .. what was Mr Boots first name? John
42%
The UK's largest lake is in Northern Ireland .. what is it called? Lough Neagh
33%
No matching quizzes found
Score Distribution
Percent of People with Each Score
Percentile by Number Answered
Your Score History
You have not taken this quiz since the last reset